[Event "HUN-chT 2122"]
[Site "Hungary"]
[Date "2021.10.31"]
[Round "2.1"]
[White "Druska, Juraj"]
[Black "Balogh, Csaba"]
[Result "1/2-1/2"]
[WhiteElo "2508"]
[BlackElo "2578"]
[PlyCount "61"]
[EventDate "2021.10.10"]
[EventType "team-tourn"]
[EventRounds "9"]
[EventCountry "HUN"]
[SourceTitle "EXT 2023"]
[Source "ChessBase"]
[SourceDate "2022.10.05"]
[SourceVersion "1"]
[SourceVersionDate "2022.10.05"]
[SourceQuality "1"]
[WhiteTeam "Biatorbagy"]
[BlackTeam "Tungsram ANSK"]
[WhiteTeamCountry "HUN"]
[BlackTeamCountry "HUN"]

1. e4 e5 2. Nf3 Nc6 3. d4 exd4 4. Nxd4 Nf6 5. Nxc6 bxc6 6. Bd3 d5 7. exd5 cxd5 8. 0-0 Be7 9. c4 0-0 10. Nc3 Bb7 11. Qb3 Rb8 12. cxd5 Nxd5 13. Rd1 c6 14. Nxd5 cxd5 15. Be3 Ba6 16. Qc2 Bxd3 17. Rxd3 Bf6 18. Bd4 Bxd4 19. Rxd4 Qb6 20. Rd2 Rfc8 21. Qd1 d4 22. Qg4 Rd8 23. Rad1 Rd5 24. Rxd4 h5 25. Qf4 Rxd4 26. Rxd4 Qxb2 27. g3 Re8 28. Qd2 Qb1+ 29. Kg2 Qb7+ 30. Kg1 Qb1+ 31. Kg2 1/2-1/2

[Event "AUT-chT2M 2122"]
[Site "Austria"]
[Date "2021.10.02"]
[Round "2.5"]
[White "Balogh, Csaba"]
[Black "Pantovic, Dragan M"]
[Result "1-0"]
[WhiteElo "2577"]
[BlackElo "2078"]
[PlyCount "65"]
[EventDate "2021.10.01"]
[EventType "team-tourn"]
[EventRounds "11"]
[EventCountry "AUT"]
[SourceTitle "CBM 204 Extra"]
[Source "ChessBase"]
[SourceDate "2021.11.30"]
[SourceVersion "1"]
[SourceVersionDate "2021.11.30"]
[SourceQuality "1"]
[WhiteTeam "Linz ASV"]
[BlackTeam "Villach Admira"]
[WhiteTeamCountry "AUT"]
[BlackTeamCountry "AUT"]

1. e4 e5 2. Nf3 Nc6 3. Bb5 a6 4. Ba4 Nf6 5. 0-0 Be7 6. d3 b5 7. Bb3 d6 8. a3 0-0 9. Nc3 Nb8 10. Re1 Nbd7 11. Ba2 h6 12. Ne2 Re8 13. Ng3 Bf8 14. Nh4 Nc5 15. Ng6 Be6 16. Nxf8 Bxa2 17. Rxa2 Kxf8 18. f4 Ne6 19. fxe5 dxe5 20. Rf1 c5 21. Nf5 c4 22. Qf3 cxd3 23. cxd3 Qb6+ 24. Be3 Nd4 25. Bxd4 exd4 26. Qg3 g6 27. Nxh6 Ra7 28. b4 Nh5 29. Qg5 Ree7 30. Raf2 Ng7 31. Rf6 Ne6 32. Qxg6 Ke8 33. Qg8+ 1-0

[Event "SVK Club Cup"]
[Site "Kremnica"]
[Date "2021.09.19"]
[Round "7.9"]
[White "Chlpik, Martin"]
[Black "Balogh, Csaba"]
[Result "0-1"]
[WhiteElo "2256"]
[BlackElo "2572"]
[PlyCount "112"]
[EventDate "2021.09.15"]
[EventType "team-tourn"]
[EventRounds "7"]
[EventCountry "SVK"]
[SourceTitle "CBM 204 Extra"]
[Source "ChessBase"]
[SourceDate "2021.11.30"]
[SourceVersion "1"]
[SourceVersionDate "2021.11.30"]
[SourceQuality "1"]
[WhiteTeam "Levice"]
[BlackTeam "Modra"]
[WhiteTeamCountry "SVK"]
[BlackTeamCountry "SVK"]

1. Nf3 d5 2. g3 c6 3. Bg2 Bf5 4. 0-0 Nf6 5. d3 e6 6. Nbd2 h6 7. Qe1 Be7 8. e4 Bh7 9. Qe2 0-0 10. Re1 a5 11. e5 Nfd7 12. h4 a4 13. a3 c5 14. Nf1 Nc6 15. N1h2 Qc7 16. h5 Rfc8 17. Bf4 Nd4 18. Nxd4 cxd4 19. Rac1 Qb6 20. Qg4 Bf5 21. Qf3 Qxb2 22. g4 Bh7 23. Qg3 Rxc2 24. Rb1 Qxa3 25. Rxb7 Qc3 26. Rd1 Qc8 27. Rbb1 a3 28. g5 hxg5 29. Bxg5 Bxg5 30. Qxg5 a2 31. Ra1 Qd8 32. Qf4 f6 33. Bh3 Nxe5 34. Bxe6+ Kh8 35. Qxd4 Ra6 36. Qxd5 Qb6 37. d4 Qxe6 38. dxe5 Qxd5 39. Rxd5 Rb2 40. Rd8+ Bg8 41. exf6 Rb1+ 42. Kg2 gxf6 43. Rxa2 Rxa2 44. Ng4 Rb5 45. Nxf6 Rg5+ 46. Kf1 Ra6 47. Ne4 Rxh5 48. Ke2 Re5 49. Kf3 Kg7 50. Kf4 Re7 51. Ng3 Bh7 52. Nh5+ Kh6 53. Ng3 Rf7+ 54. Kg4 Rxf2 55. Rd1 Rg6+ 56. Kh3 Bg8 0-1

[Event "HUN-ch Rapid"]
[Site "Ajka"]
[Date "2021.07.18"]
[Round "10"]
[White "Balogh, Csaba"]
[Black "Kozak, Adam"]
[Result "1/2-1/2"]
[WhiteElo "2572"]
[BlackElo "2504"]
[PlyCount "44"]
[EventDate "2021.07.16"]
[EventType "swiss (rapid)"]
[EventRounds "13"]
[EventCountry "HUN"]
[SourceTitle "CBM 203 Extra"]
[Source "ChessBase"]
[SourceDate "2021.09.30"]
[SourceVersion "1"]
[SourceVersionDate "2021.09.30"]
[SourceQuality "1"]

1. e4 e5 2. Nf3 Nc6 3. Bb5 a6 4. Ba4 Nf6 5. d3 d6 6. c3 g6 7. 0-0 Bg7 8. Nbd2 0-0 9. Re1 b5 10. Bc2 Bb7 11. d4 exd4 12. cxd4 Re8 13. a3 Na5 14. b3 c5 15. Bb2 Rc8 16. d5 c4 17. bxc4 Nxc4 18. Nxc4 Rxc4 19. Bd3 Ra4 20. Bc2 Rc4 21. Bd3 Ra4 22. Bc2 Rc4 1/2-1/2